00381 a2200121 4500020001500000082002100015100001700036245006600053260007900119300002000198650002500218700001600243 a9953002177 a709.956.9bC435e aChakar, Tony aThe Eyeless MapcHome Works II: A Forum on Cultural Practices aBeirut, LebanonbLebanese Association for Plastic Arts, Ashkal Alwanc2003 a80 pbilc21 cm xarte modernozLibano aTony Chakar